000 00852nam a2200241 a 4500
001 52339
003 BD-RjUL
005 20211209075805.0
008 160919r19531950u 000 0 eng
035 _a(BD-RjUL)52459
035 _a(OCoLC)16760623
040 _aDLC
_cOrPS
_dOCoLC
_dDLC
_beng
041 _aeng
082 _223
_a338.12
_bBIC 1953
100 1 _aBinns, Bernard O.
_q(Bernard Ottwell),
_d1898-1953.
_9156625
245 1 4 _aThe consolidation of fragmented agricultural holdings :
_ban FAO study /
_cBernard O. Binns
260 _aWashington :
_bFood and Agriculture Organization of the United Nations.
_c1953
300 _aiii, 99 p. :
_bill. ;
_c24 cm
490 _aFAO agricultural studies
_vno. 11.
650 0 _aConsolidation of land holdings.
_9156626
830 0 _aFAO agricultural studies ;
_vno. 11.
_9156629
942 _2ddc
_cBK
999 _c52339
_d52339